000
00271nam a2200121Ia 4500
082
_a
621.815
_b
KHU
100
_a
Khurmi,R.S
245
2
_a
A textbook of Machine Design
260
_b
S.Chand
_a
N.Delhi
_c
2011
300
_a
1230p.
700
_a
Gupta,J.K,
942
_2
ddc
_c
BK
_0
26
999
_c
5159
_d
5159